Best-selling Music Artists in Finland - Statistics

General Stats
  • This quiz has been taken 43 times
  • The average score is 3 of 20
Answer Stats
Hint Answer % Correct
3 Nightwish
53%
16 Kaija Koo
35%
6 Jari Sillanpää
30%
1 Eppu Normaali
23%
20 Dingo
20%
13 Katri Helena
20%
10
18%
8 Kirka
15%
9 Vesa-Matti Loiri
15%
4 J. Karjalainen
13%
5 Kari Tapio
13%
11 Madonna
13%
17 Hector
10%
14 Hurriganes
10%
18 Metallica
10%
12 ABBA
8%
2 Matti ja Teppo
8%
15 Rölli-Peikko
0%
19 Samuli Edelmann
0%
7 Smurffit
0%
No matching quizzes found
Score Distribution
Percent of People with Each Score
Percentile by Number Answered
Your Score History
You have not taken this quiz